01147nam a2200265 a 4500001001000000005001700010041000800027044000800035084002100043100004500064245011600109260005700225300005000282440002300332500006400355500014100419500001100560546002400571650005200595650005600647650003400703650004500737700004900782740005000831BRCA_341820190320204255.0 aeng aenk a707b.W376c19311 aCervantes Saavedra, Miguel ded1547-161610aAdventures of Don Quixote de la ManchacTranslated from the Spanish of Miguel de Cervantes Saavedra by Motteux. aLondres : Nueva YorkbFrederick Warne and Co.c1931? a1 v. en 2 partes (xxxvi, 567 p.)bil.c19 cm. 0aChando´s Classics aContenido : Primera parte. Vida de Cervantes. Segunda parte aReproducción de la traducción de Motteux, publicada en 1887, por los mismos editores. Tela; lomo y planos adornados Lúdovik Osterc aQM1430 aTexto en : inglés14aNovela españolayÉpoca clásica, 1500-170014aLiteratura españolayÉpoca clásica, 1500-170014aNovela españolaySiglo XVII14aDon Quijote (Personaje ficticio)eNovela1 aMotteux, Peter Anthonyd1663-1718eTraductor0 aEl Ingenioso Hidalgo Don Quijote de la Mancha